000 00452cam a2200181ua 4500
001 5772
008 131025n ii |||gr||||Z||||||eng
040 _cMAIN
082 _a954.8
100 _aSastri, Nilakanti,
_eAuthor.
245 _aHistory Of South India
_cby Nilakanta Sastri
250 _a3rd ed.
260 _aMadras:
_bOxford University Press,
_c1966.
300 _a495.
653 _aHistory
653 _aHistory Of South India
942 _cBK
999 _c4930
_d4930